| 000 | 00727nam a22002537a 4500 | ||
|---|---|---|---|
| 003 | OSt | ||
| 005 | 20220107122859.0 | ||
| 008 | 200317b xxu||||| |||| 00| 0 eng d | ||
| 020 | _a9781484242933 | ||
| 040 | _cIIITMK | ||
| 082 | _a005.82 OLE/C | ||
| 100 |
_aO'Leary, Mike _917887 |
||
| 245 |
_aCyber operations: _bBuilding, defending and attacking modern computer networks _cMike O'Leary |
||
| 250 | _a2 | ||
| 260 |
_aNew York, _bApress, _c2019. |
||
| 300 | _axxxi, 1134p. | ||
| 650 |
_aCOMPUTER SCIENCE _918154 |
||
| 650 |
_aCOMPUTER SECURITY _918155 |
||
| 650 |
_aCOMPUTER NETWORK _918156 |
||
| 650 |
_aCYBER SECURITY _918157 |
||
| 650 |
_aCYBER OPERATIONS _918158 |
||
| 650 |
_aCYBER DEFENSE _918159 |
||
| 942 |
_2ddc _cBK |
||
| 999 |
_c6775 _d6775 |
||